Nghề và làng nghề truyền thống Việt Nam

Nghề chế tác đá và nghề sơn là những nghề có truyền thống lâu đời và phát triển bền bỉ, nhiều sản phẩm độc đáo của nghề này còn được giữ gìn đến ngày nay. Ngoài phần thư mục tài liệu về nghề và làng nghề truyền thống Việt Nam,...

全面介绍

Đã lưu trong:
书目详细资料
企业作者: Hội văn nghệ dân gian Việt Nam
格式: 图书
语言:Undetermined
出版: Hà Nội Khoa học - Xã hội 2015
主题:
标签: 添加标签
没有标签, 成为第一个标记此记录!
Thư viện lưu trữ: Trung tâm Học liệu Trường Đại học Cần Thơ
LEADER 01365nam a2200205Ia 4500
001 CTU_209786
008 210402s9999 xx 000 0 und d
082 |a 680.09597 
082 |b H452/Q.1 
110 |a Hội văn nghệ dân gian Việt Nam 
245 0 |a Nghề và làng nghề truyền thống Việt Nam 
245 0 |c Hội văn nghệ dân gian Việt Nam 
260 |a Hà Nội 
260 |b Khoa học - Xã hội 
260 |c 2015 
520 |a Nghề chế tác đá và nghề sơn là những nghề có truyền thống lâu đời và phát triển bền bỉ, nhiều sản phẩm độc đáo của nghề này còn được giữ gìn đến ngày nay. Ngoài phần thư mục tài liệu về nghề và làng nghề truyền thống Việt Nam, tập sách còn tuyển chọn 20 công trình gồm : 5 công trình viết về nghề chế tác đá, 7 công trình viết về nghề sơn và 8 công trình viết về nghề làm lược sừng, làm pháo , làm hương, ... 
650 |a Nghề thủ công,Handicraft industries 
650 |z Việt Nam,Vietnam 
904 |i Trần Thị Yến Nhi,Hải 
980 |a Trung tâm Học liệu Trường Đại học Cần Thơ